000 00487nam a2200169Ia 4500
999 _c29856
_d29856
003 OSt
005 20201209111431.0
008 190216s9999||||xx |||||||||||||| ||und||
040 _coclc
082 _a894.812
_bNEE/S
100 _aNeelakandan, Sreenath C
_97328
245 0 _aSunyagananam /
_cSreenath C Neelakandan
260 _bBright padukad,
_c2009.
_aPadukkad:
300 _a61p
650 _aNiroopanam
942 _cBK
_2ddc
_h894.812
_iNEE/S
_k894.812
_mNEE/S